The Rightmove house price index (Record no. 106072)
[ view plain ]
| 000 -LEADER | |
|---|---|
| fixed length control field | 01338cam a2200229 4500 |
| 001 - CONTROL NUMBER | |
| control field | ##L135457 |
| 008 - FIXED-LENGTH DATA ELEMENTS--GENERAL INFORMATION | |
| fixed length control field | 061027n2006 000 0 eng u |
| 035 ## - SYSTEM CONTROL NUMBER | |
| System control number | (Sirsi) u135457 |
| 041 0# - LANGUAGE CODE | |
| Language code of text/sound track or separate title | eng |
| 050 04 - LIBRARY OF CONGRESS CALL NUMBER | |
| Classification number | 333.33 $2 18 |
| 110 2# - MAIN ENTRY--CORPORATE NAME | |
| Corporate name or jurisdiction name as entry element | Rightmove |
| 245 04 - TITLE STATEMENT | |
| Title | The Rightmove house price index |
| Remainder of title | October edition |
| 260 ## - PUBLICATION, DISTRIBUTION, ETC. | |
| Place of publication, distribution, etc. | London |
| Name of publisher, distributor, etc. | Rightmove |
| Date of publication, distribution, etc. | 2006 |
| 490 #0 - SERIES STATEMENT | |
| Series statement | Rightmove House Price Index |
| Volume/sequential designation | 16 October 2006 |
| 520 ## - SUMMARY, ETC. | |
| Summary, etc. | Shows trends in asking prices up to 7 October 2006. Average asking prices now stand at a new national record of £218 954, passing the previous high of £217 580 set in July. Asking prices rose by 2.0% in the month and are now 11.50% higher than a year ago. Overall rises are very much driven by the strength of the southern England market and underpinned by the resilience of prices in northern England. All southern regions have seen double digit annual increases while northern England lags behind. The market continues to be driven by a shortage of right quality properties in the right location. |
| 590 ## - LOCAL NOTE (RLIN) | |
| Local note | IKA311006 |
| 650 24 - SUBJECT ADDED ENTRY--TOPICAL TERM | |
| Topical term or geographic name entry element | RIGHTMOVE HOUSE PRICE INDEX |
| 651 #4 - SUBJECT ADDED ENTRY--GEOGRAPHIC NAME | |
| Geographic name | England and Wales |
| Chronological subdivision | 1543- |
| 690 ## - LOCAL SUBJECT ADDED ENTRY--TOPICAL TERM (OCLC, RLIN) | |
| Topical term or geographic name as entry element | PROPERTY-RESIDENTIAL PROPERTY-RESIDENTIAL PROPERTY MARKET |
| 856 40 - ELECTRONIC LOCATION AND ACCESS | |
| Uniform Resource Identifier | <a href="https://www.rightmove.co.uk">https://www.rightmove.co.uk</a> |
| Public note | View the house price index free of charge at www.rightmove.co.uk... |
| 942 ## - ADDED ENTRY ELEMENTS (KOHA) | |
| Suppress in OPAC | 0 |
| Withdrawn status | Lost status | Source of classification or shelving scheme | Damaged status | Not for loan | Home library | Current library | Shelving location | Date acquired | Total Checkouts | Full call number | Barcode | Date last seen | Copy number | Price effective from | Koha item type |
|---|---|---|---|---|---|---|---|---|---|---|---|---|---|---|---|
| Dewey Decimal Classification | Virtual | Virtual | Online | 27/10/2006 | ONLINE PUBLICATION | 135457-2001 | 06/08/2019 | 1 | 06/08/2019 | Book |